000 00561nam a2200193 a 4500
001 000002740
005 20200929150240.0
008 990109s1980 cl 001 0 spa
040 _aDO-SdBNP
_bspa
_cBNPHU
082 _aCh863.44
_bR789h
100 1 _aRosasco, José Luis,
_d1935-
_98630
245 1 0 _aHoy día es mañana /
_cJosé Luis Rosasco.
260 _aSantiago de Chile :
_bUniversitaria,
_c1980.
300 _a126 p. ;
_c19 cm.
490 1 _aCarmoran
650 4 _aNovela chilena
_93163
650 4 _aLiteratura chilena
_93164
830 0 _aCarmoran
_98631
999 _c2574
_d2574